ბათუმის შოთა რუსთაველის სახელმწიფო უნივერსიტეტის ბიბლიოთეკა

Microsoft Project 2003 for Dummies (ბიბ.ჩანაწერი № 46630)

000 -LEADER
fixed length control field 00418nam a2200181Ia 4500
001 - CONTROL NUMBER
control field 13470
003 - CONTROL NUMBER IDENTIFIER
control field GE_BSU
008 - FIXED-LENGTH DATA ELEMENTS--GENERAL INFORMATION
fixed length control field 181216s||||||||xx |||||||||||||| ||und||
040 ## - CATALOGING SOURCE
Transcribing agency GE_BSU
080 ## - UNIVERSAL DECIMAL CLASSIFICATION NUMBER
Universal Decimal Classification number 004.43
100 ## - MAIN ENTRY--PERSONAL NAME
Personal name Stevenson,Nancy
245 ## - TITLE STATEMENT
Title Microsoft Project 2003 for Dummies
260 ## - PUBLICATION, DISTRIBUTION, ETC.
Name of publisher, distributor, etc. Wiley
260 ## - PUBLICATION, DISTRIBUTION, ETC.
Date of publication, distribution, etc. 2004
300 ## - PHYSICAL DESCRIPTION
Extent 340p.ill.24cm.
653 ## - INDEX TERM--UNCONTROLLED
Uncontrolled term Microsoft Project 2003 for Dummies
942 ## - ADDED ENTRY ELEMENTS (KOHA)
Koha item type წიგნი
ეგზემპლარები
Withdrawn status Lost status Damaged status Not for loan Date acquired Barcode Date last seen Price effective from Koha item type
        2018-12-17 36964 2018-12-17 2018-12-17 წიგნი